000 01121cam a2200313 4500
001 1321119
003 NUST-PNEC
005 20170116180718.0
008 710128s1973 nyu b 001 0 eng
010 _a 78039634
020 _a0070090157
040 _cPNEC
050 0 0 _aQA47
_b.B8 1972
082 0 0 _a510.21'2 BUR
100 1 _aBurington, Richard Stevens,
_d1901-
245 1 0 _aHandbook of mathematical tables and formulas.
250 _a5th ed.
260 _aNew York,
_bMcGraw-Hill
_c[c1973]
300 _ax, 500 p.
_c21 cm.
350 _a$5.50
500 _ahttp://www.amazon.com/Handbook-Mathematical-Formulas-Richard-Burington/dp/0070090157/ref=sr_1_1?s=books&ie=UTF8&qid=1413963162&sr=1-1&keywords=0070090157
504 _aBibliography: p. 460-461.
650 0 _aMathematics
_xTables.
_xME
740 _aMathematical tables and formulas.
856 4 2 _3Publisher description
_uhttp://www.loc.gov/catdir/description/mh022/78039634.html
856 4 1 _3Table of contents
_uhttp://www.loc.gov/catdir/toc/mh021/78039634.html
906 _a7
_bcbc
_corignew
_d1
_eocip
_f19
_gy-gencatlg
942 _2ddc
_cBK
999 _c61244
_d61244